000 00739cam a2200229 4500
001 WB3601-23
008 000000n2000 000 0 eng u
035 _a(Sirsi) u103411
245 _aProperty given prime time slot
260 _c2000
490 _aHerald
_v5 January 2000, 2:2(1)
520 _aDiscusses FPD Savills "UK residential research bulletin" for 2000 which predicts that house values could increase by as much as 50% over the next five years.
590 _aWB
650 _aHOUSING MARKET
650 _aRESIDENTIAL MARKET
650 _aHOUSE PRICES
650 _aPREDICTIONS
650 _aFORECASTS
650 _aFPD SAVILLS
690 _aPROPERTY-RESIDENTIAL PROPERTY-RESIDENTIAL PROPERTY MARKET
942 _n0
999 _c62140
_d62140